000 00350nam a22001457a 4500
003 OSt
005 20250808160049.0
008 250808b |||||||| |||| 00| 0 eng d
040 _c
082 _21
_a510
_bKUM
245 _aApplied Mathematics -1
_cKumbhojkar,G.V
250 _a1
260 _bP.Jamnadas
_c2024-2025
942 _2ddc
_cBK
_e1
_k510
_mKUM
_n0
999 _c36236
_d36236